| 000 | 00654nam a22002297a 4500 | ||
|---|---|---|---|
| 001 | 77233 | ||
| 003 | BD-RjUL | ||
| 005 | 20211209082939.0 | ||
| 008 | 200304s1939 ||||| |||| 00| 0 eng d | ||
| 035 | _a(BD-RjUL) | ||
| 040 |
_aBD-RjUL _beng _cBD-RjUL |
||
| 041 | _aeng | ||
| 082 |
_219 _a821.4 _bWAR 1939 |
||
| 100 |
_aWarren, Austin _9240391 |
||
| 245 |
_aRichard Crashaw : a study in baroque sensibility / _cAustin Warren |
||
| 260 |
_aLondon : _bfaber and Faber ltd, _cc1939 |
||
| 300 |
_a255 pages ; _c21 cm |
||
| 490 | _aAnn Arbor books, AA6 | ||
| 500 | _aIncludes Index | ||
| 600 |
_a Crashaw, Richard, _d1613?-1649. _960451 |
||
| 942 |
_2ddc _cBK |
||
| 999 |
_c77233 _d77233 |
||